000 00680nam a2200217Ia 4500
001 14668
003 GE_BSU
008 181216s||||||||xx |||||||||||||| ||und||
040 _cGE_BSU
080 _a821.353.1-1+821.353.1-31+821.353.1-32
100 _aქიაჩელი,ლეო
245 _aთხზულებანი 4 ტომად. ტ.2 ტარიელ გოლუა. სისხლი.
260 _aთბილისი
260 _bსახელგამი
260 _c1947
300 _a509გვ.
653 _aთხზულებანი
653 _aსისხლი
653 _aტარიელ გოლუა
942 _cBK
999 _c47794
_d47794